[Event "XXXV Memorial Edoardo Crespi B"]
[Site "Milano ITA"]
[Date "2014.12.06"]
[Round "3"]
[White "Ragoso, Mario"]
[Black "Marcuzzo, Stefano"]
[WhiteElo "1626"]
[BlackElo "1428"]
[Result "1/2-1/2"]
[PlyCount "43"]
[EventDate "2014.12.06"]

1. d4 d5 2. c4 e6 3. Nc3 Nf6 4. Bg5 Be7 5. e3 O-O 6. Nf3 Nbd7 7. Qc2 c6 8. c5
b6 9. b4 a5 10. b5 cxb5 11. Bxb5 bxc5 12. dxc5 Nxc5 13. O-O Ba6 14. Rac1 Rc8
15. Qe2 Bxb5 16. Nxb5 Nfe4 17. Bf4 Bd6 18. Nxd6 Nxd6 19. Rc2 f6 20. Bxd6 Qxd6
21. Rfc1 Rc6 22. Qb5 1/2-1/2

[Event "XXXV Memorial Edoardo Crespi B"]
[Site "Milano ITA"]
[Date "2014.12.06"]
[Round "3"]
[White "Staunovo, Daniele"]
[Black "Simeone, Giulio Maria"]
[WhiteElo "1513"]
[BlackElo "1612"]
[Result "0-1"]
[PlyCount "30"]
[EventDate "2014.12.06"]

1. e4 e6 2. d4 d5 3. Nd2 dxe4 4. Nxe4 Nd7 5. Nf3 Ngf6 6. Bd3 Nxe4 7. Bxe4 c5 8.
O-O Be7 9. c4 O-O 10. b3 cxd4 11. Nxd4 Nc5 12. Bc2 Bf6 13. Qh5 g6 14. Qe2 Bxd4
15. Rd1 Qf6 0-1

[Event "XXXV Memorial Edoardo Crespi B"]
[Site "Milano ITA"]
[Date "2014.12.06"]
[Round "3"]
[White "Tiraboschi, Nicolo'"]
[Black "Pipitone, Filippo Massimo"]
[WhiteElo "1419"]
[BlackElo "1545"]
[Result "1-0"]
[PlyCount "65"]
[EventDate "2014.12.06"]

1. c4 e5 2. g3 g6 3. Nc3 Bg7 4. Bg2 d6 5. d3 Ne7 6. e4 O-O 7. Nge2 Nbc6 8. O-O
f5 9. Be3 h6 10. Qd2 Kh7 11. f4 Be6 12. fxe5 dxe5 13. exf5 Bxf5 14. Be4 a6 15.
Rf2 Rb8 16. a3 Qd7 17. Bxf5 Nxf5 18. Raf1 Rfd8 19. Nd5 Nxe3 20. Qxe3 Rf8 21.
Nf6+ Bxf6 22. Rxf6 Rxf6 23. Rxf6 Qe7 24. Qf3 Kg7 25. Rxc6 bxc6 26. b4 c5 27.
Nc3 cxb4 28. Nd5 Rf8 29. Qe2 Qc5+ 30. Kg2 Qd6 31. Nxb4 a5 32. Nd5 Qc5 33. Qxe5+
1-0

[Event "XXXV Memorial Edoardo Crespi B"]
[Site "Milano ITA"]
[Date "2014.12.06"]
[Round "3"]
[White "Trent, Alan M."]
[Black "Spano', Pietro"]
[WhiteElo "1698"]
[BlackElo "1645"]
[Result "1-0"]
[PlyCount "43"]
[EventDate "2014.12.06"]

1. e4 c5 2. Nc3 e6 3. f4 d6 4. Nf3 Nc6 5. Bb5 Nge7 6. d3 a6 7. Ba4 b5 8. Bb3
Nd4 9. Nxd4 cxd4 10. Ne2 e5 11. O-O g6 12. fxe5 dxe5 13. Bxf7+ Kd7 14. Bg5 h6
15. Bf6 Rh7 16. Bxe5 Nc6 17. Bxd4 Nxd4 18. Nxd4 Qg5 19. Be6+ Kd6 20. Rxf8 Qe3+
21. Kh1 Qxd4 22. Bxc8 1-0

[Event "XXXV Memorial Edoardo Crespi B"]
[Site "Milano ITA"]
[Date "2014.12.06"]
[Round "3"]
[White "Zaccheroni, Dario"]
[Black "Silari, Andrea"]
[WhiteElo "1599"]
[BlackElo "1719"]
[Result "1-0"]
[PlyCount "49"]
[EventDate "2014.12.06"]

1. d4 Nf6 2. c4 g6 3. Nc3 Bg7 4. e4 d6 5. f3 O-O 6. Be3 e5 7. d5 Nh5 8. g4 Nf4
9. h4 f5 10. gxf5 gxf5 11. Qd2 fxe4 12. fxe4 Bg4 13. Nge2 Nxe2 14. Bxe2 Bf3 15.
Bg5 Qd7 16. Rg1 Kh8 17. O-O-O Na6 18. Rg3 Bxe2 19. Qxe2 Nc5 20. Rdg1 Bf6 21.
Qg2 Bxg5+ 22. Rxg5 Nd3+ 23. Kb1 Nf4 24. Rg7 Qd8 25. Rxh7+ 1-0

[Event "XXXV Memorial Edoardo Crespi B"]
[Site "Milano ITA"]
[Date "2014.12.06"]
[Round "4"]
[White "Aloe, Giancarlo"]
[Black "Libutti, Michele"]
[WhiteElo "1631"]
[BlackElo "1764"]
[Result "1/2-1/2"]
[PlyCount "76"]
[EventDate "2014.12.06"]

1. d4 Nf6 2. Nf3 d5 3. g3 c6 4. Bg2 Bg4 5. O-O Nbd7 6. Nbd2 e6 7. c4 Bd6 8. b3
O-O 9. Bb2 Re8 10. Ne5 Bh5 11. Qc2 Bxe2 12. Rfe1 Bh5 13. f3 Rc8 14. g4 Bg6 15.
Nxg6 hxg6 16. Nf1 Qc7 17. c5 Bf4 18. b4 e5 19. h3 exd4 20. Bxd4 Be5 21. Qd2
Bxd4+ 22. Qxd4 Ne5 23. f4 Nc4 24. a4 Re7 25. Rxe7 Qxe7 26. Bf3 Re8 27. Ra2 Qe1
28. b5 Ne3 29. Rf2 Ne4 30. Qxe3 Nxf2 31. Qxf2 Qb4 32. bxc6 bxc6 33. f5 gxf5 34.
gxf5 Qxa4 35. f6 Qa1 36. fxg7 Qxg7+ 37. Ng3 a5 38. Bg4 Qa1+ 1/2-1/2

[Event "XXXV Memorial Edoardo Crespi B"]
[Site "Milano ITA"]
[Date "2014.12.06"]
[Round "4"]
[White "Benedetti, Mario"]
[Black "Madaschi, Sergio"]
[WhiteElo "1348"]
[BlackElo "1498"]
[Result "1-0"]
[PlyCount "65"]
[EventDate "2014.12.06"]

1. d4 Nf6 2. c4 e6 3. Nc3 Bb4 4. Bd2 c5 5. Nf3 Nc6 6. e3 d6 7. Bd3 O-O 8. a3
Bxc3 9. Bxc3 b6 10. Qc2 h6 11. O-O Re8 12. d5 exd5 13. cxd5 Nxd5 14. Bh7+ Kf8
15. Be4 Nde7 16. Bxc6 Nxc6 17. Qh7 Ne5 18. Nxe5 dxe5 19. Qh8+ Ke7 20. Qxg7 Rf8
21. Qxe5+ Be6 22. Rfd1 Qb8 23. Qf6+ Ke8 24. Be5 Qb7 25. Bg3 h5 26. Rd6 Qe7 27.
Qxe7+ Kxe7 28. Rad1 Rfd8 29. Bh4+ f6 30. Bxf6+ Kxf6 31. Rxd8 Rxd8 32. Rxd8 Ke7
33. Rh8 1-0

[Event "XXXV Memorial Edoardo Crespi B"]
[Site "Milano ITA"]
[Date "2014.12.06"]
[Round "4"]
[White "Carbone, Lorenzo"]
[Black "Calabrese, Maurizio"]
[WhiteElo "1594"]
[BlackElo "1477"]
[Result "1-0"]
[PlyCount "73"]
[EventDate "2014.12.06"]

1. e4 e5 2. Nf3 Nc6 3. Bb5 a6 4. Ba4 Nf6 5. O-O b5 6. Bb3 d6 7. Re1 Be7 8. c3
Na5 9. Bc2 Bg4 10. h3 Bh5 11. d4 Bxf3 12. Qxf3 c6 13. Nd2 O-O 14. Nf1 c5 15.
dxc5 dxc5 16. Ng3 Ne8 17. Be3 Nc4 18. Bc1 Ncd6 19. Be3 Rc8 20. Rad1 Qd7 21. Rd5
c4 22. Rxe5 Bd8 23. Rd5 f6 24. Red1 Qe6 25. b3 Be7 26. b4 Nb7 27. Nf5 Ned6 28.
Nxe7+ Qxe7 29. Bf4 Rcd8 30. Re1 f5 31. e5 Kh8 32. Red1 Ne8 33. Be3 Rxd5 34.
Qxd5 Qc7 35. Bf4 Qc8 36. Qd7 Qxd7 37. Rxd7 1-0

[Event "XXXV Memorial Edoardo Crespi B"]
[Site "Milano ITA"]
[Date "2014.12.06"]
[Round "4"]
[White "Confalonieri, Luca"]
[Black "Orlandini, Andrea"]
[WhiteElo "1699"]
[BlackElo "1637"]
[Result "1/2-1/2"]
[PlyCount "46"]
[EventDate "2014.12.06"]

1. e4 c5 2. Nf3 d6 3. d4 cxd4 4. Nxd4 Nf6 5. Nc3 a6 6. Bc4 e6 7. Bb3 Be7 8. O-O
O-O 9. Kh1 b5 10. a3 Bb7 11. Bxe6 fxe6 12. Nxe6 Qd7 13. Nxf8 Kxf8 14. Bg5 h6
15. f4 Nxe4 16. Bxe7+ Qxe7 17. Nd5 Qh4 18. Qd3 Bxd5 19. Qxd5 Ng3+ 20. Kg1 Ne2+
21. Kh1 Ng3+ 22. Kg1 Ne2+ 23. Kh1 Ng3+ 1/2-1/2

[Event "XXXV Memorial Edoardo Crespi B"]
[Site "Milano ITA"]
[Date "2014.12.06"]
[Round "4"]
[White "Costanza, Calogero"]
[Black "Altissimo, Dino"]
[WhiteElo "1579"]
[BlackElo "1444"]
[Result "1-0"]
[PlyCount "86"]
[EventDate "2014.12.06"]

1. d4 d5 2. c4 c6 3. Nc3 Nf6 4. Bg5 h6 5. Bd2 Bf5 6. e3 e6 7. Nf3 Nbd7 8. Be2
Ne4 9. c5 Nxd2 10. Qxd2 Be7 11. Bd3 Bg4 12. Ng1 Bh5 13. Nge2 f5 14. Nf4 Bf7 15.
g3 Qc7 16. b4 a6 17. a4 O-O 18. O-O Nf6 19. f3 Qc8 20. Rae1 Bd8 21. Qc2 Bc7 22.
Nce2 g6 23. Ng2 Kg7 24. Nef4 h5 25. e4 dxe4 26. fxe4 Qd8 27. e5 Nd5 28. Nxd5
cxd5 29. Ra1 Be8 30. Nf4 Qe7 31. b5 axb5 32. axb5 Bf7 33. b6 Rxa1 34. Rxa1 Bd8
35. Ra7 Be8 36. Qb3 Bc6 37. Qb4 Qe8 38. Ba6 Rf7 39. Be2 Bg5 40. Ng2 Qh8 41. h4
Bh6 42. Bb5 Qc8 43. Qa4 f4 1-0

[Event "XXXV Memorial Edoardo Crespi B"]
[Site "Milano ITA"]
[Date "2014.12.06"]
[Round "4"]
[White "Crippa, Oscar"]
[Black "Mapelli, Davide"]
[WhiteElo "1681"]
[BlackElo "1576"]
[Result "1/2-1/2"]
[PlyCount "60"]
[EventDate "2014.12.06"]

1. e4 e5 2. Nf3 Nc6 3. d4 exd4 4. c3 dxc3 5. Nxc3 Bb4 6. Bc4 Bxc3+ 7. bxc3 Nge7
8. Ng5 Ne5 9. Bb3 O-O 10. Nxh7 Kxh7 11. Qh5+ Kg8 12. Qxe5 Ng6 13. Qd4 d6 14.
O-O Ne5 15. f4 Ng4 16. h3 Nf6 17. Bb2 Nh5 18. Rf3 Qh4 19. Raf1 Re8 20. e5 Rd8
21. Qe3 Re8 22. Qf2 Qxf2+ 23. R1xf2 g6 24. Ba3 dxe5 25. fxe5 Rxe5 26. Rxf7 Be6
27. Re7 Ng7 28. Rxc7 Bxb3 29. axb3 Re1+ 30. Kh2 Nf5 1/2-1/2

[Event "XXXV Memorial Edoardo Crespi B"]
[Site "Milano ITA"]
[Date "2014.12.06"]
[Round "4"]
[White "Delle Fave, Fabio"]
[Black "Cerutti, Fabio Maria"]
[WhiteElo "1782"]
[BlackElo "1659"]
[Result "1/2-1/2"]
[PlyCount "58"]
[EventDate "2014.12.06"]

1. e4 c5 2. Nf3 Nc6 3. d4 cxd4 4. Nxd4 Nf6 5. Nxc6 bxc6 6. Bd3 g6 7. c4 Bg7 8.
Nc3 d6 9. O-O O-O 10. Qc2 Nd7 11. Be3 Ne5 12. Rfd1 Qa5 13. Bd2 Qb6 14. Be3 Qa5
15. Bd2 Qb6 16. Na4 Qa6 17. Bc3 c5 18. b3 Bd7 19. Nb2 Qb7 20. h3 Bc6 21. f3
Rfb8 22. Qd2 a5 23. Bc2 a4 24. Nd3 Nxd3 25. Qxd3 axb3 26. axb3 Rxa1 27. Rxa1
Ra8 28. Bxg7 Kxg7 29. Qc3+ f6 1/2-1/2

[Event "XXXV Memorial Edoardo Crespi B"]
[Site "Milano ITA"]
[Date "2014.12.31"]
[Round "4"]
[White "Izzo, Riccardo"]
[Black "Cagnotto, Marco"]
[WhiteElo "1647"]
[BlackElo "1560"]
[Result "1/2-1/2"]
[PlyCount "106"]
[EventDate "2014.12.06"]

1. d4 Nf6 2. c4 g6 3. Nc3 Bg7 4. Nf3 d6 5. e4 O-O 6. Be2 c5 7. d5 e6 8. O-O
exd5 9. exd5 Bf5 10. Bd3 Qd7 11. Bf4 Bxd3 12. Qxd3 Nh5 13. Bd2 Na6 14. a3 Nc7
15. Rab1 a6 16. b3 b6 17. Rfe1 Rfe8 18. Na4 Rab8 19. Rxe8+ Qxe8 20. Re1 Qd7 21.
Bg5 Bf6 22. Bxf6 Nxf6 23. Nc3 Re8 24. Rxe8+ Qxe8 25. h3 Kg7 26. Qe3 Qxe3 27.
fxe3 b5 28. Nd2 Kh6 29. g4 Kg7 30. Nce4 Nxe4 31. Nxe4 Ne8 32. g5 Kf8 33. Kf2
Ke7 34. h4 f5 35. Nd2 Nc7 36. e4 bxc4 37. bxc4 fxe4 38. Nxe4 Ne8 39. Ke2 Ng7
40. Nf6 Nf5 41. Nxh7 Nxh4 42. Nf6 Nf5 43. Kd3 Nd4 44. Kc3 Kf7 45. Kd3 Ke7 46.
Ne4 Kd7 47. Nd2 Ke7 48. Ne4 Kd7 49. Nc3 Nf3 50. Ne4 Nd4 51. Nf6+ Ke7 52. Ng8+
Kf7 53. Nf6 Ke7 1/2-1/2

[Event "XXXV Memorial Edoardo Crespi B"]
[Site "Milano ITA"]
[Date "2014.12.06"]
[Round "4"]
[White "Lapitan, Eusebio"]
[Black "Zaccheroni, Dario"]
[WhiteElo "1690"]
[BlackElo "1599"]
[Result "0-1"]
[PlyCount "62"]
[EventDate "2014.12.06"]

1. e4 c5 2. Nf3 Nc6 3. d4 cxd4 4. Nxd4 g6 5. Be3 Bg7 6. Bc4 d6 7. Nc3 Nf6 8. f3
O-O 9. Qd2 Nxd4 10. Bxd4 Bd7 11. O-O-O a6 12. h4 h5 13. Qg5 e6 14. g4 b5 15.
Bb3 Kh7 16. Be3 Qc7 17. gxh5 Nxh5 18. Qg1 a5 19. a3 Rfc8 20. Qf2 a4 21. Ba2 b4
22. axb4 Bxc3 23. bxc3 Qxc3 24. Rxd6 Qa3+ 25. Kd1 Qxa2 26. Rxd7 Qb1+ 27. Bc1
Kg8 28. Rg1 a3 29. Rg5 a2 30. Qd2 a1=Q 31. Rc5 Qf6 0-1

[Event "XXXV Memorial Edoardo Crespi B"]
[Site "Milano ITA"]
[Date "2014.12.06"]
[Round "4"]
[White "Lavorgna, Francesco"]
[Black "Biffi, Roberto"]
[WhiteElo "1700"]
[BlackElo "1645"]
[Result "0-1"]
[PlyCount "76"]
[EventDate "2014.12.06"]

1. e4 g6 2. d4 Bg7 3. Nf3 d6 4. Bd3 Nf6 5. O-O O-O 6. c3 Bg4 7. h3 Bxf3 8. Qxf3
Nbd7 9. Be3 c5 10. Nd2 a6 11. a4 Qc7 12. Rac1 Rab8 13. Qe2 Nb6 14. a5 Nbd7 15.
f4 Qxa5 16. Nc4 Qc7 17. g4 b5 18. Nd2 c4 19. Bc2 e5 20. f5 d5 21. Bg5 h6 22.
Bh4 Rbe8 23. Bg3 Qb6 24. Bf2 Qc7 25. fxg6 fxg6 26. Rce1 a5 27. Qd1 b4 28. exd5
exd4 29. Bxd4 Qg3+ 30. Kh1 Qxh3+ 31. Kg1 Qg3+ 32. Kh1 Qh3+ 33. Kg1 Nxg4 34.
Rxf8+ Rxf8 35. Re2 Bxd4+ 36. cxd4 Qg3+ 37. Rg2 Qe3+ 38. Kh1 Nf2+ 0-1

[Event "XXXV Memorial Edoardo Crespi B"]
[Site "Milano ITA"]
[Date "2014.12.06"]
[Round "4"]
[White "Maccari, Piergiuseppe"]
[Black "Galliani, William"]
[WhiteElo "1714"]
[BlackElo "1589"]
[Result "1-0"]
[PlyCount "83"]
[EventDate "2014.12.06"]

1. Nf3 d5 2. g3 Nf6 3. Bg2 c6 4. O-O h6 5. d4 Bf5 6. c4 e6 7. Qb3 Qb6 8. Qxb6
axb6 9. Nc3 Nbd7 10. cxd5 exd5 11. Bf4 g5 12. Be5 Nxe5 13. Nxe5 Bg7 14. f3 Nd7
15. e4 Bxe5 16. dxe5 Be6 17. exd5 cxd5 18. f4 gxf4 19. gxf4 Rg8 20. Kh1 d4 21.
Nb5 Ke7 22. Nxd4 Rxa2 23. Rxa2 Bxa2 24. Bxb7 Nc5 25. Bf3 Bc4 26. Ra1 Nd3 27.
Ra7+ Kf8 28. Ra8+ Kg7 29. Nf5+ Kh7 30. Rxg8 Kxg8 31. Nxh6+ Kg7 32. Nf5+ Kg6 33.
Nd6 Nxb2 34. Be4+ Kg7 35. Kg2 b5 36. Kf3 b4 37. Ke3 Ba2 38. Kd4 Nd1 39. Kc5 b3
40. Bd5 Ne3 41. Bxf7 Nf5 42. Bxb3 1-0

[Event "XXXV Memorial Edoardo Crespi B"]
[Site "Milano ITA"]
[Date "2014.12.06"]
[Round "4"]
[White "Marcuzzo, Stefano"]
[Black "Colica, Daniele"]
[WhiteElo "1428"]
[BlackElo "1705"]
[Result "1-0"]
[PlyCount "63"]
[EventDate "2014.12.06"]

1. e4 d5 2. exd5 Nf6 3. d4 Bg4 4. Be2 Bxe2 5. Nxe2 Qxd5 6. c4 Qxg2 7. Ng3 Ne4
8. Rf1 Nxg3 9. hxg3 Qe4+ 10. Be3 e6 11. Nc3 Bb4 12. Qa4+ Nc6 13. Qxb4 Nxb4 14.
Nxe4 Nc2+ 15. Kd2 Nxa1 16. Rxa1 O-O 17. Kd3 Rad8 18. Bf4 Rc8 19. Nc5 b6 20. Ne4
Rfd8 21. Kc3 f6 22. Re1 Rd7 23. g4 Kf7 24. Nd2 Rcd8 25. Nb3 g5 26. Bg3 a5 27.
a4 Re8 28. Nd2 c5 29. dxc5 bxc5 30. Ne4 Rc8 31. Nd6+ Rxd6 32. Bxd6 1-0

[Event "XXXV Memorial Edoardo Crespi B"]
[Site "Milano ITA"]
[Date "2014.12.06"]
[Round "4"]
[White "Nikonov, Maxim"]
[Black "Forti, Francesco"]
[WhiteElo "1449"]
[BlackElo "1576"]
[Result "1-0"]
[PlyCount "59"]
[EventDate "2014.12.06"]

1. e4 e6 2. d4 d5 3. Nc3 Bb4 4. exd5 exd5 5. Bd3 Nc6 6. Nge2 Nf6 7. Bg5 h6 8.
Bh4 Bxc3+ 9. bxc3 Be6 10. Nf4 g5 11. Nxe6 fxe6 12. Bg6+ Kd7 13. Bg3 Qg8 14. Bd3
Qg7 15. O-O h5 16. f3 g4 17. Qe2 h4 18. Bf4 h3 19. g3 gxf3 20. Rxf3 Nh5 21. Bd2
Rag8 22. Re1 Nd8 23. Ref1 Qg4 24. Re1 Rg7 25. Kh1 Rhg8 26. Rg1 Nf7 27. Rff1
Qxe2 28. Bxe2 Rh8 29. g4 Ng5 30. gxh5 1-0

[Event "XXXV Memorial Edoardo Crespi B"]
[Site "Milano ITA"]
[Date "2014.12.06"]
[Round "4"]
[White "Palvarini, Mario"]
[Black "Conta, Diego"]
[WhiteElo "1479"]
[BlackElo "1654"]
[Result "0-1"]
[PlyCount "92"]
[EventDate "2014.12.06"]

1. e4 e6 2. d4 d5 3. Nc3 Nf6 4. exd5 exd5 5. Nf3 Be7 6. Be2 O-O 7. O-O Bg4 8.
Re1 Nbd7 9. Qd3 c6 10. Bg5 h6 11. Bh4 Re8 12. Bg3 Bh5 13. Ne5 Nxe5 14. dxe5 Bg6
15. Qd1 Nh7 16. Bd3 Nf8 17. a3 a6 18. Ne2 Qb6 19. b4 c5 20. Nf4 Rad8 21. Nxg6
Nxg6 22. Bxg6 Qxg6 23. bxc5 Bxc5 24. a4 Bb4 25. Re3 d4 26. Rd3 Bc3 27. Rb1 b6
28. Qf3 Rd7 29. Rbd1 Qe6 30. Qh5 f6 31. f4 fxe5 32. fxe5 Rde7 33. Rb1 Rb7 34.
Bf4 Rf8 35. g3 b5 36. axb5 axb5 37. Rf1 Ra7 38. g4 b4 39. Rdf3 Ra1 40. Rxa1
Bxa1 41. Kg2 Qc6 42. Kg3 Bc3 43. Rf1 Bd2 44. Qh4 Bxf4+ 45. Rxf4 Qc3+ 46. Kg2
Rxf4 0-1

[Event "XXXV Memorial Edoardo Crespi B"]
[Site "Milano ITA"]
[Date "2014.12.06"]
[Round "4"]
[White "Pandini, Giuseppe"]
[Black "Pasini, Nicolo'"]
[WhiteElo "1712"]
[BlackElo "1631"]
[Result "1/2-1/2"]
[PlyCount "49"]
[EventDate "2014.12.06"]

1. f4 Nf6 2. Nf3 g6 3. e3 Bg7 4. d4 c5 5. c3 d5 6. Be2 Nc6 7. O-O Bd7 8. dxc5
Qc7 9. b4 Ne4 10. Bb2 Nxb4 11. Nd4 Nc6 12. Nb5 Qa5 13. Qxd5 Nf6 14. Qb3 a6 15.
Nd4 O-O 16. Ba3 Qc7 17. Nd2 e5 18. Nxc6 Bxc6 19. Rac1 exf4 20. exf4 Qe7 21. Rf2
Ne4 22. Nxe4 Qxe4 23. Bf3 Qe3 24. Bxc6 bxc6 25. Kf1 1/2-1/2

[Event "XXXV Memorial Edoardo Crespi B"]
[Site "Milano ITA"]
[Date "2014.12.06"]
[Round "4"]
[White "Pavlidis, Pavlos"]
[Black "Trent, Alan M."]
[WhiteElo "1626"]
[BlackElo "1698"]
[Result "1/2-1/2"]
[PlyCount "64"]
[EventDate "2014.12.06"]

1. e4 g6 2. d4 c6 3. c3 d5 4. e5 Bg7 5. Nf3 Bg4 6. Bd3 c5 7. Nbd2 cxd4 8. cxd4
Nc6 9. h3 Bxf3 10. Nxf3 e6 11. O-O Nge7 12. Bf4 O-O 13. Qd2 Qb6 14. Be3 Rac8
15. a3 f6 16. exf6 Bxf6 17. Bc2 Bg7 18. b4 Rxf3 19. gxf3 Nxd4 20. Bxd4 Bxd4 21.
Rad1 e5 22. f4 Qe6 23. fxe5 Bc3 24. Qe3 Kg7 25. Bb3 Bxe5 26. f4 Rc3 27. Bxd5
Rxe3 28. Bxe6 Bb2 29. Rfe1 Rxa3 30. Bd7 Bf6 31. Rc1 Nd5 32. Re4 h6 1/2-1/2

[Event "XXXV Memorial Edoardo Crespi B"]
[Site "Milano ITA"]
[Date "2014.12.06"]
[Round "4"]
[White "Pili, Giangiuseppe"]
[Black "Tiraboschi, Nicolo'"]
[WhiteElo "1678"]
[BlackElo "1419"]
[Result "1-0"]
[PlyCount "43"]
[EventDate "2014.12.06"]

1. d4 e6 2. c4 f5 3. Nf3 Nf6 4. Nbd2 c6 5. b3 d5 6. Bb2 Nbd7 7. e3 b6 8. Ng5
Qe7 9. Bd3 h6 10. Ngf3 Qf7 11. Ne5 Nxe5 12. dxe5 Nd7 13. cxd5 cxd5 14. Rc1 Nc5
15. Be2 Ba6 16. Nf3 Bxe2 17. Qxe2 Be7 18. b4 Nd7 19. Qb5 a6 20. Qc6 Bxb4+ 21.
Ke2 Bc5 22. Qxa8+ 1-0

[Event "XXXV Memorial Edoardo Crespi B"]
[Site "Milano ITA"]
[Date "2014.12.06"]
[Round "4"]
[White "Pirovano, Ezio"]
[Black "Casamassima, Paolo"]
[WhiteElo "1528"]
[BlackElo "1709"]
[Result "0-1"]
[PlyCount "70"]
[EventDate "2014.12.06"]

1. d4 Nf6 2. c4 e6 3. Nf3 c6 4. Nc3 d5 5. e3 g6 6. Bd3 Bg7 7. O-O O-O 8. b3 Re8
9. Re1 Nbd7 10. Bb2 Qc7 11. e4 dxe4 12. Nxe4 Nxe4 13. Bxe4 Nf6 14. Qc2 Nxe4 15.
Rxe4 b6 16. Re2 Bb7 17. Rae1 Qf4 18. Re4 Qf6 19. R4e2 Qe7 20. Rd1 Rad8 21. Qc1
Qd6 22. Red2 Qf4 23. Rd3 Qc7 24. R1d2 Bh6 25. Qc3 Bxd2 26. Rxd2 f6 27. g4 Qf4
28. h3 c5 29. d5 exd5 30. Qxf6 Qxf6 31. Bxf6 Rd6 32. Be5 Rde6 33. cxd5 Rxe5 34.
Nxe5 Rxe5 35. d6 Re8 0-1

[Event "XXXV Memorial Edoardo Crespi B"]
[Site "Milano ITA"]
[Date "2014.12.06"]
[Round "4"]
[White "Poletto, Daniele"]
[Black "Carli, Federico"]
[WhiteElo "1709"]
[BlackElo "1671"]
[Result "1/2-1/2"]
[PlyCount "64"]
[EventDate "2014.12.06"]

1. c4 e5 2. Nc3 Nf6 3. g3 Nc6 4. Bg2 Bc5 5. e3 d6 6. Nge2 O-O 7. O-O Bb6 8. d4
Re8 9. d5 Ne7 10. h3 Ng6 11. Na4 Bd7 12. Nxb6 axb6 13. e4 b5 14. b3 bxc4 15.
bxc4 b5 16. cxb5 Bxb5 17. Re1 Qc8 18. Nc3 Bd7 19. Kh2 c5 20. dxc6 Qxc6 21. Nd5
Nxd5 22. Qxd5 Qxd5 23. exd5 f5 24. Bd2 Ne7 25. Bb4 Ra6 26. a3 e4 27. Bf1 Rb6
28. Bc4 Bb5 29. Bxb5 Rxb5 30. Bxd6 Rxd5 31. Bxe7 Rxe7 32. Red1 Rxd1 1/2-1/2

[Event "XXXV Memorial Edoardo Crespi B"]
[Site "Milano ITA"]
[Date "2014.12.06"]
[Round "4"]
[White "Ragoso, Mario"]
[Black "Lamperti, Gianloris"]
[WhiteElo "1626"]
[BlackElo "1700"]
[Result "1-0"]
[PlyCount "32"]
[EventDate "2014.12.06"]

1. d4 d5 2. c4 c6 3. cxd5 cxd5 4. Nc3 Nf6 5. Bg5 e6 6. Nf3 Be7 7. e3 Qb6 8. Qc2
Nc6 9. a3 h6 10. Bf4 O-O 11. Nb5 Ne8 12. Bd3 a6 13. Nc3 Bd7 14. O-O Rc8 15. Na4
Qa7 16. Nc5 Nb8 1-0

[Event "XXXV Memorial Edoardo Crespi B"]
[Site "Milano ITA"]
[Date "2014.12.06"]
[Round "4"]
[White "Rigotti, Gianluigi"]
[Black "Frignani, Alessandro"]
[WhiteElo "1564"]
[BlackElo "1389"]
[Result "0-1"]
[PlyCount "81"]
[EventDate "2014.12.06"]

1. e4 e5 2. Nf3 Qf6 3. Bc4 Bc5 4. d3 h6 5. a3 Qb6 6. O-O Qf6 7. b4 Be7 8. Bb2
d6 9. h3 Qg6 10. Kh2 Nf6 11. Bxe5 Be6 12. Bxe6 fxe6 13. Bg3 Nc6 14. Nbd2 Nd7
15. c3 Bf6 16. d4 e5 17. d5 Ne7 18. c4 b6 19. Nb3 Qxe4 20. Rc1 Bg5 21. Rc2 O-O
22. Nxg5 hxg5 23. Re1 Qg6 24. c5 Rac8 25. cxd6 cxd6 26. Rxc8 Rxc8 27. Qg4 Qf5
28. Nd4 Qxg4 29. hxg4 Nxd5 30. Ne6 Nf4 31. Nxg5 Rc4 32. Bxf4 Rxf4 33. Kg3 Rc4
34. Re3 Kf8 35. Rd3 Ke7 36. f3 Nf6 37. Re3 a6 38. Rd3 d5 39. Re3 e4 40. fxe4
Nxe4+ 41. Kh4 {...} 0-1

[Event "XXXV Memorial Edoardo Crespi B"]
[Site "Milano ITA"]
[Date "2014.12.06"]
[Round "4"]
[White "Rizzi, Domenico"]
[Black "Esposito, Giuseppe"]
[WhiteElo "1624"]
[BlackElo "1718"]
[Result "1/2-1/2"]
[PlyCount "71"]
[EventDate "2014.12.06"]

1. e4 c5 2. Nf3 Nc6 3. Bb5 g6 4. Bxc6 bxc6 5. Nc3 Bg7 6. O-O Nf6 7. d3 O-O 8.
Be3 Qa5 9. h3 d5 10. Bd2 Qc7 11. Re1 a5 12. e5 Nd7 13. Bf4 e6 14. Qd2 Re8 15.
Re2 a4 16. Rae1 a3 17. b3 Qa5 18. Na4 c4 19. Qxa5 Rxa5 20. Bd2 Ra8 21. Bb4 cxb3
22. cxb3 Ba6 23. Bxa3 Bxd3 24. Rb2 Be4 25. Bd6 Rec8 26. Nc5 Nxc5 27. Bxc5 Ra5
28. b4 Ra4 29. Bd6 Rca8 30. Ra1 Bd3 31. a3 Rxa3 32. Rxa3 Rxa3 33. Nd4 Ra1+ 34.
Kh2 Bb5 35. Rc2 h5 36. Nxc6 1/2-1/2

[Event "XXXV Memorial Edoardo Crespi B"]
[Site "Milano ITA"]
[Date "2014.12.06"]
[Round "4"]
[White "Silari, Andrea"]
[Black "Invernizzi, Ferruccio"]
[WhiteElo "1719"]
[BlackElo "1598"]
[Result "1-0"]
[PlyCount "90"]
[EventDate "2014.12.06"]

1. e4 d6 2. d4 Nf6 3. Nc3 g6 4. f3 Bg7 5. Be3 O-O 6. Qd2 c6 7. O-O-O b5 8. a3
a5 9. g4 b4 10. Nb1 bxa3 11. Nxa3 Ba6 12. h4 Bxf1 13. Rxf1 e5 14. Bh6 Nbd7 15.
Bxg7 Kxg7 16. h5 Ng8 17. hxg6 fxg6 18. Ne2 Qf6 19. g5 Qe6 20. Nc3 exd4 21. Qh2
h5 22. gxh6+ Kh7 23. Nd1 Rab8 24. Qd2 c5 25. Qxa5 Ra8 26. Qc7 Rfc8 27. Qb7 Ngf6
28. Qb5 c4 29. Nb1 Rcb8 30. Qg5 c3 31. Nbxc3 dxc3 32. Nxc3 Ra1+ 33. Kd2 Rxf1
34. Rxf1 Rxb2 35. Rg1 Nf8 36. Nd5 Nxd5 37. exd5 Rb5 38. dxe6 Rxg5 39. Rxg5 Nxe6
40. Rd5 Kxh6 41. Rxd6 Nf4 42. c4 Kg7 43. Ke3 g5 44. Ke4 Kf7 45. Kf5 Nh3 1-0

[Event "XXXV Memorial Edoardo Crespi B"]
[Site "Milano ITA"]
[Date "2014.12.06"]
[Round "4"]
[White "Simeone, Giulio Maria"]
[Black "Luscenkovs, Artjoms"]
[WhiteElo "1612"]
[BlackElo "1712"]
[Result "1/2-1/2"]
[PlyCount "39"]
[EventDate "2014.12.06"]

1. Nf3 Nf6 2. c4 e6 3. g3 b6 4. b3 Bb7 5. Bg2 Be7 6. Bb2 O-O 7. O-O c5 8. Nc3
a6 9. Re1 Qc7 10. e4 d6 11. d4 cxd4 12. Nxd4 Nbd7 13. Rc1 Rac8 14. a3 Qb8 15.
Nc2 Rfe8 16. Ne3 Nc5 17. b4 Ncd7 18. Qe2 Ne5 19. f4 Ned7 20. Rcd1 1/2-1/2

[Event "XXXV Memorial Edoardo Crespi B"]
[Site "Milano ITA"]
[Date "2014.12.06"]
[Round "4"]
[White "Spano', Pietro"]
[Black "Cervini, Gian Piero"]
[WhiteElo "1645"]
[BlackElo "1782"]
[Result "1-0"]
[PlyCount "67"]
[EventDate "2014.12.06"]

1. d4 Nf6 2. c4 g6 3. Nc3 Bg7 4. e4 d6 5. f3 O-O 6. Bg5 Nbd7 7. Qd2 c5 8. d5
Ne5 9. Be2 e6 10. g4 exd5 11. Nxd5 Be6 12. h4 Bxd5 13. cxd5 Qd7 14. Bh6 Rae8
15. Bxg7 Kxg7 16. h5 Rh8 17. Qf4 Nxd5 18. h6+ Kf8 19. Qd2 Nb6 20. O-O-O Rg8 21.
f4 Nec4 22. Bxc4 Nxc4 23. Qd3 Qe6 24. b3 Nb6 25. Nf3 Qxe4 26. Qxd6+ Qe7 27.
Qxe7+ Rxe7 28. Rd8+ Re8 29. Rhd1 Ke7 30. R8d3 f6 31. g5 Ref8 32. Re1+ Kf7 33.
Rd6 Nd5 34. Rd7+ 1-0